Coffee certification in East Africa : impact on farms, families and cooperatives /

Bibliographic Details
Corporate Author: ebrary, Inc
Other Authors: Ruben, Ruerd (Editor), Hoebink, Paul (Editor)
Format: eBook
Language:English
Published: Wageningen, Netherlands : Wageningen Academic Publishers, 2015.
Subjects:
Online Access:Connect to the full text of this electronic book

MARC

Tag First Indicator Second Indicator Subfields
LEADER 00000cam a2200000Li 4500
001 in00003486643
006 m o d
007 cr cn|
008 141120t20152015ne ob 000 0 eng d
005 20250816222836.4
020 |z 9789086862559 
020 |a 9789086868056 (e-book) 
020 |a 9086868053 (e-book) 
020 |z 9086862551 
035 |a (NhCcYBP)ebr10981124 
040 |a NhCcYBP  |c NhCcYBP  |d UtOrBLW 
043 |a fe----- 
050 4 |a TX415  |b .C644 2015 
082 0 4 |a 641.3373  |2 23 
245 0 0 |a Coffee certification in East Africa :  |b impact on farms, families and cooperatives /  |c edited by Ruerd Ruben, Paul Hoebink. 
264 1 |a Wageningen, Netherlands :  |b Wageningen Academic Publishers,  |c 2015. 
264 4 |c ©2015 
300 |a 1 online resource. 
336 |a text  |b txt  |2 rdacontent 
337 |a computer  |b c  |2 rdamedia 
338 |a online resource  |b cr  |2 rdacarrier 
504 |a Includes bibliographical references at the end of each chapters. 
588 |a Description based on online resource; title from PDF title page (ebrary, viewed November 20, 2014). 
500 |a Electronic resource. 
650 0 |a Coffee  |z Africa, East. 
655 7 |a Electronic books.  |2 local 
700 1 |a Ruben, Ruerd,  |e editor. 
700 1 |a Hoebink, Paul,  |e editor. 
710 2 |a ebrary, Inc. 
776 1 8 |i Print version:  |t Coffee certification in East Africa : impact on farms, families and cooperatives.  |d Wageningen, Netherlands : Wageningen Academic Publishers, c2015  |h 262 pages  |z 9789086862559 
856 4 1 |u https://ebookcentral.proquest.com/lib/tamucs/detail.action?docID=3415263  |y Connect to the full text of this electronic book  |t 0 
955 |a YBP purchased approval e-records 
980 |b 91.50  |g 1 
999 f f |s 89f075d8-dfb3-3512-8d07-2676f240684b  |i 25d3c9f2-3b20-31b2-9cb1-feafa6c36089  |t 0 
999 |a MARS 
952 f f |a Texas A&M University  |b College Station  |c Electronic Resources  |d Available Online  |t 0  |e TX415 .C644 2015  |h Library of Congress classification 
998 f f |a TX415 .C644 2015  |t 0  |l Available Online